000 00811nam a2200253 4500
003 LK-CoMWRAF
005 20231120115040.0
008 231120b1989 |||||||| |||| 00| 0 eng d
020 _a071902840x
040 _aLK-CoMWRAF
_dLK-CoMWRAF
_eLK-CoMWRAF
041 _aeng
082 _a822.3
_bLOO
100 _aLoomba, Ania
245 _aGender, race, Renaissance drama
260 _aManchester:
_bManchester University press,
_c1989
300 _aviii, 178 p. ; 23 cm.
_bBibliography and index included
490 _aCultural Politics
650 _a English drama--Early modern and Elizabethan-History and criticism
650 _aEnglish drama--17th century--History and criticism.
650 _aSex role in literature
650 _aRace in literature
650 _aRenaissance--England
942 _cBK
999 _c4160
_d4160